[Event "TCh-CRO"]
[Site "Medulin CRO"]
[Date "2002.09.13"]
[Round "5"]
[White "Brumen,D"]
[Black "Milu,R"]
[Result "1/2-1/2"]
[WhiteElo "2398"]
[BlackElo "2442"]

1.d4 Nf6 2.Nf3 g6 3.c4 Bg7 4.Nc3 O-O 5.e4 d6 6.Be2 e5 7.dxe5 dxe5 8.Qxd8 Rxd8
9.Nd5 Rd7 10.Nxe5 Nxd5 11.Nxd7 Nb4 12.Nxb8 Nc2+ 13.Kd1 Nxa1 14.Bf4 Bxb2 15.Bxc7 a5
16.Bd3 a4 17.Ke2  1/2-1/2

[Event "TCh-CRO"]
[Site "Medulin CRO"]
[Date "2002.09.13"]
[Round "5"]
[White "Shariyazdanov,A"]
[Black "Tratar,M"]
[Result "1-0"]
[WhiteElo "2562"]
[BlackElo "2466"]

1.d4 Nf6 2.c4 g6 3.Nc3 Bg7 4.e4 d6 5.Be2 O-O 6.Nf3 e5 7.O-O Na6 8.Re1 Qe8
9.Bg5 Bg4 10.d5 Nh5 11.g3 f5 12.exf5 gxf5 13.Nh4 Bxe2 14.Qxe2 Qf7 15.Kh1 Rae8
16.Rg1 Nc5 17.Be3 a6 18.g4 Nf4 19.Bxf4 exf4 20.Qf3 fxg4 21.Rxg4 Qf6 22.Rag1 Re7
23.Rg5 Qd4 24.Qg4 Nd3 25.Nd1 Nxb2 26.Nxb2 Qxb2 27.Nf5 Rxf5 28.Rxf5 h6 29.Rxf4  1-0

[Event "TCh-CRO"]
[Site "Medulin CRO"]
[Date "2002.09.14"]
[Round "6"]
[White "Rezan,S"]
[Black "Fedorov,Alex"]
[Result "0-1"]
[WhiteElo "2414"]
[BlackElo "2598"]

1.d4 Nf6 2.Nf3 g6 3.c4 Bg7 4.Nc3 d6 5.e4 O-O 6.Be2 e5 7.dxe5 dxe5 8.Qxd8 Rxd8
9.Bg5 Nbd7 10.O-O-O Rf8 11.Nd5 c6 12.Ne7+ Kh8 13.Be3 b6 14.Nxc8 Raxc8 15.Nd2 c5
16.Nb1 Nb8 17.Nc3 Nc6 18.Bg5 Nd4 19.Bxf6 Bxf6 20.Bg4 Bg5+ 21.Kb1 f5 22.Bf3 Bh4
23.Rhf1 Nxf3 24.gxf3 fxe4 25.Nxe4 Rc7 26.Rd3 Rcf7 27.Kc2 Rxf3 28.Rxf3 Rxf3
29.Kd2 Rh3 30.Ke2 Rxh2 31.Rd1 g5 32.Rd8+ Kg7 33.Rd7+ Kg6 34.Kf3 h5 35.Rd6+ Kf7
36.Rd7+ Ke6 37.Rd6+ Ke7 38.Rh6 g4+ 39.Ke3 Rxf2 40.Rxh5 Rf3+ 41.Ke2 Rh3 42.Rxe5+ Kd7
43.Rh5 Ke6 44.a4 Be7 45.Ng5+ Bxg5 46.Rxg5 Rh2+ 47.Kd3 Rxb2 48.Kc3 Rg2 49.a5 Kf6
50.Rd5 Re2 51.Rd6+ Re6 52.Rd7 g3 53.Rd3 g2 54.Rf3+ Kg7  0-1

[Event "TCh-CRO"]
[Site "Medulin CRO"]
[Date "2002.09.16"]
[Round "8"]
[White "Brumen,D"]
[Black "Cvitan,O"]
[Result "0-1"]
[WhiteElo "2398"]
[BlackElo "2574"]

1.d4 Nf6 2.Nf3 g6 3.c4 Bg7 4.Nc3 O-O 5.e4 d6 6.Be2 e5 7.dxe5 dxe5 8.Qxd8 Rxd8
9.Nd5 Nxd5 10.cxd5 c6 11.Bc4 b5 12.Bg5 f6 13.Bb3 cxd5 14.O-O-O Be6 15.exd5 Bf7
16.Be3 Na6 17.Kb1 Bf8 18.g4 Nb4 19.g5 a5 20.d6 Bxb3 21.axb3 e4 22.Nd4 f5
23.f3 Rxd6 24.Nxb5 Rxd1+ 25.Rxd1 exf3 26.Nd4 Re8 27.Bg1 Rd8 28.Rf1 Bg7 29.Ne6 Rd5
30.Nxg7 Kxg7 31.Bb6 Kf7 32.Kc1 Rd6 33.Ba7 Rc6+ 34.Kd1 Rc7 35.Be3 Rd7+ 36.Kc1 Nd3+
37.Kc2 Nb4+ 38.Kc1 Nd3+ 39.Kc2 f4 40.Bd2 Nb4+ 41.Bxb4 axb4 42.Rxf3 Rd4 43.Rd3 Re4
44.Rd6 Re2+ 45.Kd3 Rxb2 46.Rf6+ Kg7 47.Kc4 Rxh2 48.Rxf4 Rg2 49.Kxb4 Rxg5
50.Kc4 Re5 51.b4 g5 52.Rd4 Re8 53.b5 h5 54.b6 h4 55.Kd5 h3 56.Rd3 h2  0-1

[Event "VI Pablo Gorbea Mem"]
[Site "Madrid ESP"]
[Date "2002.09.17"]
[Round "2"]
[White "Garrido Olivares,R"]
[Black "Moreno Carnero,J"]
[Result "0-1"]
[WhiteElo "2119"]
[BlackElo "2494"]

1.c4 Nf6 2.Nf3 g6 3.Nc3 Bg7 4.e4 d6 5.d4 O-O 6.Be2 Na6 7.O-O e5 8.Re1 Qe8
9.Bf1 Bg4 10.dxe5 dxe5 11.h3 Rd8 12.Nd5 Bc8 13.Nxf6+ Bxf6 14.Qe2 Qe7 15.Be3 b6
16.Red1 Bb7 17.Ne1 Nc5 18.f3 Ne6 19.Nc2 h5 20.Rxd8 Rxd8 21.Rd1 Bg5 22.Bf2 h4
23.Rxd8+ Qxd8 24.Qd3 Qe7 25.Qa3 Qxa3 26.Nxa3 Bc1 27.Nc2 Bxb2 28.Bxh4 Kg7
29.Bf2 a5 30.g3 f5 31.exf5 gxf5 32.Bg2 f4 33.g4 c5 34.h4 Nd4 35.Bxd4 cxd4
36.Ne1 d3 37.Nxd3 Bd4+ 38.Nf2 a4  0-1

[Event "TCh-FIN 2002-3"]
[Site "Finland FIN"]
[Date "2002.09.21"]
[Round "1"]
[White "Franssila,T"]
[Black "Fieandt,J"]
[Result "1/2-1/2"]
[WhiteElo "2264"]
[BlackElo "2181"]

1.d4 Nf6 2.c4 g6 3.Nc3 Bg7 4.e4 d6 5.Nf3 O-O 6.Be2 e5 7.O-O exd4 8.Nxd4 Re8
9.f3 Nc6 10.Nc2 Nh5 11.g4 Nf6 12.Bg5 h6 13.Bh4 Bd7 14.Ne3 g5 15.Bg3 Ne5 16.Qd2 Ng6
17.Ng2 Nh7 18.Rad1 Bc6 19.Nd5 Nhf8 20.Nde3 Bd7 21.Qc2 Ne6 22.Nf5 Qf6 23.Rd2 Bf8
24.Rfd1 Nc5 25.Nge3 Bxf5 26.Nxf5 Ne7 27.Ne3 a5 28.Nd5 Nxd5 29.cxd5 Bg7 30.Kg2 Qg6
31.Bb5  1/2-1/2

[Event "VI Pablo Gorbea Mem"]
[Site "Madrid ESP"]
[Date "2002.09.21"]
[Round "6"]
[White "Fenollar Jorda,M"]
[Black "Komljenovic,D"]
[Result "0-1"]
[WhiteElo "2240"]
[BlackElo "2459"]

1.e4 g6 2.d4 Bg7 3.c4 d6 4.Nc3 Nf6 5.Be2 O-O 6.Nf3 Na6 7.O-O e5 8.Bg5 h6
9.Bh4 Qe8 10.dxe5 dxe5 11.Nd5 Nxe4 12.Be7 c6 13.Bxf8 Qxf8 14.Ne3 Nec5 15.Qd2 Ne6
16.Rad1 e4 17.Ne1 Nd4 18.f3 Nc5 19.N3c2 exf3 20.Bxf3 Nxc2 21.Qxc2 Bf5 22.Qd2 Na4
23.b3 Nc3 24.Rc1 Rd8 25.Qb2 Qc5+ 26.Kh1 Ne4  0-1

[Event "VI Pablo Gorbea Mem"]
[Site "Madrid ESP"]
[Date "2002.09.21"]
[Round "6"]
[White "Vilela,JL"]
[Black "Lopez del Alamo,An"]
[Result "1-0"]
[WhiteElo "2355"]
[BlackElo "2221"]

1.d4 Nf6 2.c4 g6 3.Nc3 Bg7 4.e4 d6 5.Be2 O-O 6.Nf3 e5 7.O-O Na6 8.Be3 Ng4
9.Bg5 Qe8 10.dxe5 dxe5 11.h3 f6 12.Bd2 Nh6 13.Be3 c6 14.c5 Nc7 15.b4 Nf7
16.Qb3 Ne6 17.Bc4 Kh8 18.Rad1 Qe7 19.Rfe1 f5 20.exf5 gxf5 21.Bc1 e4 22.Nxe4 fxe4
23.Rxe4 Nfd8 24.Ng5 Qf6 25.Nxe6 Nxe6 26.Bxe6 Bxe6 27.Qxe6 Qxf2+ 28.Kh1 Rad8
29.Rxd8 Rxd8 30.Be3 Qf1+ 31.Kh2 Rg8 32.Bf4 Rf8 33.Bd6 Rg8 34.Be5 Qf8 35.Rg4  1-0

[Event "ECC"]
[Site "Halkidiki GRE"]
[Date "2002.09.22"]
[Round "1"]
[White "Kocsis,Le"]
[Black "Stanec,N"]
[Result "1/2-1/2"]
[WhiteElo "2392"]
[BlackElo "2523"]

1.c4 Nf6 2.Nf3 g6 3.Nc3 Bg7 4.e4 d6 5.d4 O-O 6.Be2 e5 7.O-O exd4 8.Nxd4 Re8
9.f3 c6 10.Kh1 Nbd7 11.Bg5 h6 12.Bh4 Nc5 13.Nb3 Nxb3 14.axb3 Qe7 15.Qc2  1/2-1/2

[Event "ECC"]
[Site "Halkidiki GRE"]
[Date "2002.09.23"]
[Round "2"]
[White "Golod,V"]
[Black "Thiede,L"]
[Result "1/2-1/2"]
[WhiteElo "2538"]
[BlackElo "2416"]

1.d4 g6 2.c4 Bg7 3.e4 d6 4.Nc3 Nf6 5.Nf3 O-O 6.Be2 Na6 7.O-O e5 8.Re1 c6
9.Bf1 Nh5 10.Bg5 Bf6 11.Be3 Bg4 12.d5 c5 13.a3 Bxf3 14.Qxf3 Bg5 15.Rab1 Ng7
16.b4 f5 17.Nb5 Bxe3 18.fxe3 b6 19.Bd3 Qe7 20.Qd1 Nc7 21.bxc5 Nxb5 22.Rxb5 bxc5
23.exf5 Nxf5 24.Qg4  1/2-1/2

[Event "ECC"]
[Site "Halkidiki GRE"]
[Date "2002.09.23"]
[Round "2"]
[White "Greenfeld,A"]
[Black "Borriss,M"]
[Result "1-0"]
[WhiteElo "2562"]
[BlackElo "2439"]

1.d4 Nf6 2.Nf3 g6 3.c4 Bg7 4.Nc3 O-O 5.e4 d6 6.Be2 e5 7.Be3 Na6 8.O-O Ng4
9.Bg5 Qe8 10.dxe5 dxe5 11.h3 h6 12.Bc1 Nf6 13.Be3 Qe7 14.Nd5 Qd8 15.Nxf6+ Qxf6
16.c5 Nb8 17.Qc1 Kh7 18.Rd1 Nc6 19.h4 Qe7 20.b4 Nxb4 21.c6 b6 22.a3 Na6 23.Bxa6 Bxa6
24.Rd7 Qf6 25.Qc2 Bc8 26.Rd5 Qe7 27.h5 g5 28.Rad1 Bg4 29.R1d3 Rad8 30.Bd2 Rxd5
31.exd5 e4 32.Bb4 Qd8 33.Bxf8 Bxf8 34.Re3 f5 35.Ne5 Bxh5 36.Nd7 Bd6 37.Qc3 Be8
38.Qf6 Qe7 39.g4 Bf7 40.gxf5 Bxd5 41.Qg6+ Kh8 42.Rh3 Qg7 43.Rxh6+  1-0

[Event "Autumn Cup"]
[Site "Bucharest ROM"]
[Date "2002.09.25"]
[Round "1"]
[White "Musat,A"]
[Black "Grigore,N"]
[Result "1-0"]
[WhiteElo "2414"]
[BlackElo "2380"]

1.Nf3 Nf6 2.c4 g6 3.Nc3 Bg7 4.e4 d6 5.d4 O-O 6.Be2 e5 7.Be3 c6 8.d5 Ng4 9.Bg5 f6
10.Bh4 Na6 11.O-O c5 12.Ne1 h5 13.Nd3 Nh6 14.h3 Bd7 15.a3 Qc8 16.Bg3 f5 17.f4 Qe8
18.Bf3 fxe4 19.Nxe4 Nf5 20.Re1 b5 21.fxe5 bxc4 22.Nxd6 Nxd6 23.exd6 Qb8 24.Ne5 Qxd6
25.Bh2 Rae8 26.Nxc4 Rxe1+ 27.Qxe1 Qf6 28.Be5 Qg5 29.h4 Qh6 30.Bxg7 Qxg7 31.Qe5 Rf6
32.Re1 Bg4 33.Bxg4 hxg4 34.Qe8+ Rf8 35.Qe6+ Kh8 36.Ne5 Rf6 37.Qxg4 Nc7 38.Qe4 Nb5
39.Nc4 Nd4 40.Qe8+ Rf8 41.Qe5  1-0

[Event "ECC"]
[Site "Halkidiki GRE"]
[Date "2002.09.25"]
[Round "4"]
[White "Kaganskiy,G"]
[Black "Glek,I"]
[Result "0-1"]
[WhiteElo "2332"]
[BlackElo "2590"]

1.d4 Nf6 2.c4 g6 3.Nc3 Bg7 4.e4 d6 5.Be2 O-O 6.Nf3 Na6 7.O-O e5 8.Be3 Ng4
9.Bg5 Qe8 10.dxe5 dxe5 11.Nd2 f6 12.Bh4 Nh6 13.a3 Nc5 14.b4 Ne6 15.c5 Kh8
16.Nc4 Qf7 17.Ra2 Nd4 18.Rd2 Be6 19.Ne3 a5 20.Nb5 axb4 21.axb4 Bb3 22.Qc1 f5
23.exf5 Nxe2+ 24.Rxe2 Nxf5 25.Bg5 Nd4 26.Nxd4 exd4 27.Ng4 Rfe8 28.Rxe8+ Rxe8
29.Re1 Rxe1+ 30.Qxe1 h5 31.Ne5 Qf5 32.f4 Bd5 33.h3 Kh7 34.Qf2 Qe4 35.Kh2 Qe3
36.Qxe3 dxe3 37.Kg1 e2 38.Nd3 Be4 39.Ne1 Bc3 40.Bh4 Bxb4 41.Bf2 h4  0-1

[Event "ECC"]
[Site "Halkidiki GRE"]
[Date "2002.09.25"]
[Round "4"]
[White "Kruppa,Y"]
[Black "Volokitin,And"]
[Result "1/2-1/2"]
[WhiteElo "2544"]
[BlackElo "2545"]

1.d4 Nf6 2.c4 g6 3.Nc3 Bg7 4.e4 d6 5.Nf3 O-O 6.Be2 e5 7.Be3 exd4 8.Nxd4 Re8
9.f3 c6 10.Bf2 d5 11.exd5 cxd5 12.O-O Nc6 13.c5 Nh5 14.Qd2 Be5 15.g3 Ng7
16.Rfd1 Be6 17.Bf1 Bxd4 18.Bxd4 Nxd4 19.Qxd4 Nf5 20.Qf2 d4 21.Nb5 Qe7 22.Nxd4 Qxc5
23.Nxe6 Qxf2+ 24.Kxf2 Rxe6 25.Rd7 Rd6 26.Rxd6 Nxd6 27.Rd1 Rd8 28.Rd4 Kf8
29.Bd3 Ke7 30.Ke3 Rc8 31.Rh4 h5 32.Kd2 Rc5 33.Ra4 a6 34.Rb4 Rd5 35.Ke3 Rc5
36.Kd2  1/2-1/2

[Event "ECC"]
[Site "Halkidiki GRE"]
[Date "2002.09.26"]
[Round "5"]
[White "Savchenko,S"]
[Black "Damljanovic,B"]
[Result "1/2-1/2"]
[WhiteElo "2537"]
[BlackElo "2535"]

1.d4 Nf6 2.c4 d6 3.Nc3 g6 4.e4 Bg7 5.Nf3 O-O 6.Be2 e5 7.O-O Na6 8.Be3 Ng4
9.Bg5 Qe8 10.dxe5 dxe5 11.h3 f6 12.Bd2 Nh6 13.c5 c6 14.Be3 Nf7 15.Bxa6 bxa6
16.Qa4 Rb8 17.b3 f5 18.exf5 gxf5 19.Rfe1 Rb7 20.Rad1 Re7 21.Qh4 Re6 22.Ng5 Nxg5
23.Bxg5 h6 24.Bc1 Kh7 25.Rd6  1/2-1/2

[Event "ECC"]
[Site "Halkidiki GRE"]
[Date "2002.09.26"]
[Round "5"]
[White "Petzold,K"]
[Black "Glek,I"]
[Result "0-1"]
[WhiteElo "2257"]
[BlackElo "2590"]

1.Nf3 Nf6 2.c4 g6 3.Nc3 Bg7 4.e4 d6 5.d4 O-O 6.Be2 Na6 7.O-O e5 8.Re1 c6
9.Bf1 Bg4 10.d5 Nb4 11.Be2 a5 12.Be3 Na6 13.g3 Bd7 14.Nh4 Nc5 15.Bf3 cxd5
16.Bxc5 dxc5 17.Nxd5 Nxd5 18.Qxd5 Qc7 19.Qd2 Rfd8 20.Qc2 Be6 21.Ng2 Bh6 22.Red1 Rd4
23.Be2 Qc6 24.Rxd4 cxd4 25.a4 f5 26.f3 fxe4 27.fxe4 Qc5 28.Bd3 Be3+ 29.Kh1 Rf8
30.Rf1 Rxf1+ 31.Bxf1 Qf8 32.Bd3 Qf3 33.Qe2 Bg4 34.Qxf3 Bxf3 35.h3 Bf2 36.Kh2 g5
37.c5 Kf8 38.b4 Ke7 39.b5 Bd1  0-1

[Event "ECC"]
[Site "Halkidiki GRE"]
[Date "2002.09.26"]
[Round "5"]
[White "Maksimenko,A"]
[Black "Kilicaslan,H"]
[Result "1-0"]
[WhiteElo "2523"]
[BlackElo "2260"]

1.d4 Nf6 2.c4 g6 3.Nc3 Bg7 4.e4 d6 5.Be2 O-O 6.Nf3 e5 7.O-O exd4 8.Nxd4 Re8
9.f3 Nc6 10.Be3 Nh5 11.Qd2 Nf4 12.Rfd1 Nxe2+ 13.Ncxe2 Qe7 14.Nc3 Be6 15.b3 a6
16.Rac1 Rac8 17.Re1 Nxd4 18.Bxd4 Bxd4+ 19.Qxd4 Qg5 20.Qf2 b6 21.f4 Qc5 22.Re3 c6
23.Rce1 b5 24.f5 Bd7 25.cxb5 axb5 26.g4 Qe5 27.Qh4 h5 28.gxh5 gxf5 29.exf5 Qxf5
30.Rg3+ Kh8 31.Rf1 Qe5 32.Rxf7 Rf8 33.Qe7 Qd4+ 34.Kg2 Qd2+ 35.Kg1 Qc1+ 36.Kf2 Qc2+
37.Ne2 Rxf7+ 38.Qxf7 Qf5+ 39.Qxf5 Bxf5 40.Nd4 Bb1 41.a3 Be4 42.Ke3 Bd5 43.Kf4 Rf8+
44.Kg5 Kh7 45.Re3 Rg8+ 46.Kf6 Rf8+ 47.Ke7 Rf2 48.Kxd6  1-0

[Event "ECC"]
[Site "Halkidiki GRE"]
[Date "2002.09.27"]
[Round "6"]
[White "Roiz,M"]
[Black "Ahn,M"]
[Result "1-0"]
[WhiteElo "2507"]
[BlackElo "2294"]

1.d4 Nf6 2.c4 g6 3.Nc3 Bg7 4.e4 d6 5.Nf3 O-O 6.Be2 e5 7.Be3 exd4 8.Nxd4 Re8
9.f3 c6 10.Bf2 d5 11.exd5 cxd5 12.O-O Nc6 13.c5 Nh5 14.Qd2 Be5 15.g3 Bh3
16.Rfe1 Nf6 17.Rad1 Rc8 18.a3 h5 19.Kh1 Bb8 20.b4 a5 21.Nxc6 Rxc6 22.Bb5 Rxe1+
23.Rxe1 Rc8 24.Bd4 axb4 25.axb4 h4 26.Qh6 Qf8 27.Qxh4  1-0

[Event "ECC"]
[Site "Halkidiki GRE"]
[Date "2002.09.27"]
[Round "6"]
[White "Lugovoi,A"]
[Black "Socko,B"]
[Result "1/2-1/2"]
[WhiteElo "2516"]
[BlackElo "2562"]

1.d4 Nf6 2.c4 g6 3.Nc3 Bg7 4.e4 d6 5.Nf3 O-O 6.Be2 e5 7.d5 Nbd7 8.Be3 Ng4
9.Bd2 Nh6 10.Qc1 Ng4 11.h3 Ngf6 12.Bg5 a5 13.Nh2 Nc5 14.f3 h6 15.Bh4 g5 16.Bf2 Nh5
17.Qd2 Nf4 18.Bf1 f5 19.g3 Ng6 20.exf5 Bxf5 21.Bxc5 dxc5 22.Ne4 h5 23.Bd3 h4
24.g4 Bxe4 25.Bxe4 Nh8 26.Nf1 Nf7 27.Ne3 Nd6 28.Nf5 Qf6 29.Qe2 Nxf5 30.Bxf5 e4
31.fxe4 Qxb2 32.Qxb2 Bxb2 33.Rb1 Bc3+ 34.Ke2 Rab8 35.Kd3  1/2-1/2

[Event "ECC"]
[Site "Halkidiki GRE"]
[Date "2002.09.27"]
[Round "6"]
[White "Volkov,S"]
[Black "Volokitin,And"]
[Result "0-1"]
[WhiteElo "2636"]
[BlackElo "2545"]

1.d4 Nf6 2.c4 g6 3.Nc3 Bg7 4.e4 d6 5.Be2 O-O 6.Nf3 e5 7.Be3 Na6 8.O-O Ng4
9.Bg5 Qe8 10.dxe5 dxe5 11.h3 f6 12.Bd2 Nh6 13.Be3 c6 14.c5 Nf7 15.Bxa6 bxa6
16.Qa4 Rb8 17.Nd2 f5 18.exf5 gxf5 19.Rfe1 Be6 20.f4 Rxb2 21.Nc4 Bxc4 22.Qxc4 exf4
23.Bxf4 Qd8 24.Bd6 Rc2 25.Re3 f4 26.Rf3 Qg5 27.g4 h5 28.Re1 hxg4 29.Be7 gxf3+
30.Bxg5 f2+ 31.Kf1 fxe1=Q+ 32.Kxe1 Rxc3 33.Qxf4 Ne5 34.Qe4 Nf3+ 35.Kd1 Nxg5
36.Qxc6 Rd8+ 37.Ke2 Nf3 38.Qe6+ Kh8 39.Kf2 Rd2+  0-1

[Event "ECC"]
[Site "Halkidiki GRE"]
[Date "2002.09.28"]
[Round "7"]
[White "Greenfeld,A"]
[Black "Nedev,T"]
[Result "0-1"]
[WhiteElo "2562"]
[BlackElo "2476"]

1.d4 Nf6 2.Nf3 g6 3.c4 Bg7 4.Nc3 O-O 5.e4 d6 6.Be2 e5 7.Be3 Ng4 8.Bg5 f6
9.Bc1 exd4 10.Nxd4 f5 11.Bxg4 fxg4 12.Be3 Nc6 13.Nxc6 bxc6 14.Bd4 Bh6 15.O-O Be6
16.c5 Rb8 17.Qa4 Rxb2 18.Qxc6 Rb4 19.Rad1 Rc4 20.Nd5 Bd7 21.Nf6+ Qxf6  0-1

[Event "ECC"]
[Site "Halkidiki GRE"]
[Date "2002.09.28"]
[Round "7"]
[White "Damljanovic,B"]
[Black "Miroshnichenko,E"]
[Result "1-0"]
[WhiteElo "2535"]
[BlackElo "2525"]

1.c4 g6 2.d4 Bg7 3.e4 d6 4.Nc3 Nf6 5.Nf3 O-O 6.Be2 e5 7.Be3 c6 8.d5 Na6 9.O-O Ng4
10.Bg5 f6 11.Bh4 c5 12.Ne1 Nh6 13.a3 Qe8 14.f3 f5 15.Nd3 f4 16.b4 b6 17.bxc5 bxc5
18.Qa4 Qxa4 19.Nxa4 Bf6 20.Bxf6 Rxf6 21.Nc3 g5 22.Rab1 Kf8 23.Rb2 Nf7 24.Rfb1 Nd8
25.Bd1 Bd7 26.g3 Ke7 27.Kg2 Rf8 28.Ba4 Bxa4 29.Nxa4 Kd7 30.Nc3 Nc7 31.Kf2 Nf7
32.Ke2 Rfc8 33.Kd2 Na6 34.gxf4 gxf4 35.Rg1 Rab8 36.Rxb8 Nxb8 37.Nf2 Ke7 38.h4 Nd7
39.Nb5 Rb8 40.Kc2 a6 41.Na7 Kf8 42.Nc6 Rb7 43.Ng4 Rb6 44.Nf2 Nb8 45.Na5 Nd7
46.Nh3 Nf6 47.Ng5 Nxg5 48.hxg5 Nd7 49.Rh1 Kg7 50.Nc6 Nf8 51.Ne7 a5 52.Nc8 Ra6
53.Rh6 Ng6 54.Kd3 a4 55.Ke2  1-0

[Event "Autumn III"]
[Site "Alushta UKR"]
[Date "2002.09.29"]
[Round "4"]
[White "Arbakov,V"]
[Black "Gasanov,E"]
[Result "1/2-1/2"]
[WhiteElo "2445"]
[BlackElo "2471"]

1.Nf3 Nf6 2.c4 g6 3.Nc3 Bg7 4.e4 d6 5.d4 O-O 6.Be2 e5 7.O-O Nh5 8.Bg5 f6
9.Be3 Nf4 10.c5 Nxe2+ 11.Qxe2 exd4 12.Nxd4 dxc5 13.Qc4+ Kh8 14.Qxc5 b6 15.Qd5 Qxd5
16.exd5 f5 17.g3 Na6 18.a3 Nc5 19.Rfd1 Bb7 20.Rac1 Rf7 21.b4 Na6 22.Nc6 Rd7
23.Nb5 Kg8 24.h4 Bb2 25.Rb1 Bf6 26.Bf4 Rxd5 27.Nbxa7 Rxd1+ 28.Rxd1 Nb8 29.b5 Nxc6
30.Nxc6 Rxa3 31.Rd7 Bc8 32.Rxc7 Ra1+ 33.Kg2 Be6 34.Ne7+ Kf8 35.Bd6 Ke8 36.Nc6 Bd5+
37.f3 Ra2+ 38.Kg1 Bxf3 39.Ne5 Bxe5 40.Bxe5 Ra5 41.Rxh7 Rxb5 42.Bd4 Rb4 43.Be3 Rb2
44.Rg7 Bh5 45.Rb7 b5 46.Bc5 Kd8 47.Bd6 Bf3 48.Rb6 Kd7 49.Be5 Rb1+ 50.Kf2 Bc6
51.Bb8 Rb3 52.Ke2 Rc3 53.Kd2 Rc4 54.Bf4 Ke6 55.Rb8 Rd4+ 56.Kc3 Rc4+ 57.Kd2 Rc5
58.Rg8 Kf7 59.Rb8 Be4 60.Ke3 Rc3+ 61.Ke2  1/2-1/2

[Event "11th Monarch Assurance"]
[Site "Port Erin IOM"]
[Date "2002.09.29"]
[Round "2"]
[White "Peralta,F"]
[Black "Lutton,J"]
[Result "1-0"]
[WhiteElo "2478"]
[BlackElo "2113"]

1.Nf3 g6 2.c4 Bg7 3.e4 d6 4.d4 Nf6 5.Nc3 O-O 6.Be3 e5 7.Be2 Nc6 8.d5 Ne7
9.Nd2 h6 10.c5 Ne8 11.Nc4 f5 12.f3 g5 13.O-O f4 14.Bf2 Ng6 15.a4 Rf7 16.cxd6 Nxd6
17.Nxd6 cxd6 18.Nb5 a6 19.Na3 Bd7 20.Nc4 Be8 21.Qb3 Bf8 22.Nb6 Rb8 23.Rfc1 Rc7
24.Rc3 Ne7 25.Rac1 Rxc3 26.Qxc3 Ng6 27.a5 Qe7 28.b4 Qh7 29.Kf1 h5 30.Ke1 Qe7
31.Kd2 Qd8 32.Kc2 Be7 33.Kb3 Nf8 34.g3 Nd7 35.gxf4 gxf4 36.Na4 Nf6 37.Bf1 Bd7
38.Nb6 Be8 39.Bh3 Nd7 40.Be6+ Kh7 41.Qc4 Nf8 42.Bf5+ Bg6 43.Bc8 Kh8 44.Qc7 Qxc7
45.Rxc7 Bd8 46.Rxb7 Nd7 47.Rxd7 Bxb6 48.axb6  1-0

[Event "3rd Mitropa Cup Junior"]
[Site "Saint Vincent ITA"]
[Date "2002.09.29"]
[Round "2"]
[White "Flumbort,A"]
[Black "Piscopo,P"]
[Result "1-0"]
[WhiteElo "2437"]
[BlackElo "2289"]

1.Nf3 g6 2.c4 Bg7 3.d4 Nf6 4.Nc3 O-O 5.e4 d6 6.Be2 e5 7.Be3 exd4 8.Nxd4 Re8
9.f3 c6 10.Bf2 a6 11.O-O b5 12.a3 Bb7 13.Qd2 Nbd7 14.cxb5 axb5 15.b4 Qe7
16.Rfd1 Rad8 17.a4 bxa4 18.Rxa4 d5 19.exd5 Nxd5 20.Nxd5 cxd5 21.Ra7 Ne5 22.Bb5 Ra8
23.Qa2 Rxa7 24.Qxa7 Ra8 25.Qc5 Qxc5 26.bxc5 Rc8 27.Nb3 Nc4 28.Re1 Kf8 29.c6 Rxc6
30.Bc5+  1-0

[Event "Autumn Cup"]
[Site "Bucharest ROM"]
[Date "2002.09.30"]
[Round "6"]
[White "Musat,A"]
[Black "Nita,L"]
[Result "1-0"]
[WhiteElo "2414"]
[BlackElo "2265"]

1.Nf3 Nf6 2.c4 g6 3.Nc3 Bg7 4.e4 d6 5.d4 O-O 6.Be2 e5 7.Be3 Nc6 8.d5 Ne7
9.Nd2 Nd7 10.b4 f5 11.f3 a5 12.bxa5 Rxa5 13.Nb3 Ra8 14.c5 Nf6 15.O-O Kh8
16.a4 Neg8 17.cxd6 cxd6 18.a5 Ne8 19.Na4 Bh6 20.Bxh6 Nxh6 21.Qd2 f4 22.Nb6 Rb8
23.Bb5 g5 24.h3 Nf6 25.Qb4 Rg8 26.Rac1 Bxh3 27.gxh3 g4 28.Kf2 gxh3 29.Ke2 Nh5
30.Kd3 Nf7 31.Bd7 Rg3 32.Nd2 Qe7 33.Be6 Re8 34.Nc8 Qf8 35.Qxb7 Ng5 36.Bf5 h2
37.Rh1 Rg2 38.a6 Ng3 39.Rxh2 Rxh2 40.a7 Nxf5 41.a8=Q Nd4 42.Qa5 Re2 43.Qac7 Re3+
44.Kc4 Ne2 45.Ne7 Nxc1 46.Nf5 Nf7 47.Qxf7 Rc8+ 48.Kb5 Qxf7 49.Qxf7 Rb8+ 50.Kc6 Rc3+
51.Kxd6 Rb6+ 52.Kxe5 Nd3+ 53.Kd4  1-0

[Event "7th ECCW"]
[Site "Antalya TUR"]
[Date "2002.10.01"]
[Round "3"]
[White "Vasilevich,T"]
[Black "Kovalevskaya,E"]
[Result "1/2-1/2"]
[WhiteElo "2425"]
[BlackElo "2486"]

1.d4 Nf6 2.c4 g6 3.Nc3 Bg7 4.e4 d6 5.Nf3 O-O 6.Be2 e5 7.O-O Nbd7 8.Be3 c6
9.d5 c5 10.Ne1 a6 11.a3 Ne8 12.g4 f5 13.exf5 gxf5 14.gxf5 Ndf6 15.Nf3 Bxf5
16.Kh1 Ne4 17.Nxe4 Bxe4 18.Rg1 Kh8 19.Rg3 Nf6 20.Bg5 Qd7 21.Bxf6 Rxf6 22.Bd3 Bxd3
23.Qxd3 Bh6 24.Rag1  1/2-1/2

[Event "ch-PER"]
[Site "Lima PER"]
[Date "2002.10.01"]
[Round "1"]
[White "Garcia,Ja"]
[Black "Vera,K"]
[Result "1/2-1/2"]
[WhiteElo "2297"]
[BlackElo "2233"]

1.d4 Nf6 2.c4 g6 3.Nc3 Bg7 4.e4 d6 5.Nf3 O-O 6.Be2 e5 7.dxe5 dxe5 8.Qxd8 Rxd8
9.Bg5 Nbd7 10.O-O-O Rf8 11.Ne1 c6 12.Be3 Re8 13.Nc2 Nf8 14.f3 Be6 15.Rd2 N6d7
16.Rhd1 f5 17.c5 Nf6 18.h3 Nh5 19.Kb1 Ng3 20.Bd3 Bf7 21.Na3 Rad8 22.Bf2 fxe4
23.fxe4 Nh5 24.Bc4 Rxd2 25.Rxd2 Bh6 26.Rd1 Nf4 27.Bxf7+ Kxf7 28.Nc4 Re7 29.Be3 Bg7
30.g3 Nh5 31.Bf2 Kg8 32.Nd6 Ne6 33.Ne2 Rd7 34.Kc2 Bf8 35.b4 Bxd6 36.Rxd6 Rxd6
37.cxd6 b6 38.g4 Nf6 39.Bg3 Nd7 40.Nc1 Nd4+ 41.Kd3 Nb5 42.Ne2 Kf7 43.Ng1 Ke6
44.Nf3 h6 45.Nxe5 Nxe5+ 46.Bxe5 Nxd6  1/2-1/2

[Event "Eu Rapid Ch"]
[Site "Panormo GRE"]
[Date "2002.10.01"]
[Round "8"]
[White "Huzman,A"]
[Black "Gallagher,Jo"]
[Result "1/2-1/2"]
[WhiteElo "2591"]
[BlackElo "2517"]

1.Nf3 Nf6 2.c4 g6 3.Nc3 Bg7 4.e4 d6 5.d4 O-O 6.Be2 e5 7.Be3 Na6 8.O-O Ng4
9.Bg5 Qe8 10.dxe5 dxe5 11.Nd2 f6 12.Bh4 Nh6 13.a3 c6 14.b4 Nc7 15.Nb3 Nf7
16.Qc2 Ne6 17.Rad1 Nd4 18.Qb2 Nxb3 19.Qxb3 Be6 20.f3 Qe7 21.Bf2 Qc7 22.Qc2 Rfe8
23.a4 Bf8 24.c5 Rad8 25.Nb1 a5 26.Qb2 axb4 27.Qxb4 f5 28.Nc3 Ng5 29.h4 Nf7
30.Bc4 Bxc4 31.Qxc4 f4 32.Rxd8 Rxd8 33.Rd1 Rxd1+ 34.Nxd1 Qd7 35.Nb2 Be7 36.Nd3 Bf6
37.Kf1 Kg7 38.Ke2 Qe7  1/2-1/2

[Event "Eu Rapid Ch"]
[Site "Panormo GRE"]
[Date "2002.10.01"]
[Round "9"]
[White "Volkov,S"]
[Black "Grivas,E"]
[Result "1/2-1/2"]
[WhiteElo "2636"]
[BlackElo "2495"]

1.d4 Nf6 2.c4 g6 3.Nc3 Bg7 4.e4 d6 5.Be2 O-O 6.Nf3 e5 7.Be3 Qe7 8.d5 Ng4
9.Bg5 f6 10.Bh4 Nh6 11.Nd2 Nf7 12.f3 Bh6 13.Bf2 c5 14.h4 f5 15.h5 Nd7 16.hxg6 hxg6
17.Qc2 Nf6 18.Bd3 f4 19.Rb1 g5 20.b4 b6 21.a4 g4 22.a5 Kg7 23.Qa2 g3 24.Bg1 Bd7
25.Bc2 Bg5 26.Ba4 Rfb8 27.Ke2 cxb4 28.Rxb4 bxa5 29.Rxb8 Rxb8 30.Bxa7 Rb7
31.Bg1 Qd8 32.Bc6 Rb4 33.Nb5 Ne8 34.Bxd7 Qxd7 35.Qxa5 Rb2 36.Bb6 Bd8 37.Bxd8 Nxd8
38.Ra1 Nb7 39.Qb6 Qc8 40.Qc6 Qxc6 41.dxc6 Nc5 42.Ra3 d5 43.exd5 e4 44.fxe4 Nxe4
45.Rd3 f3+ 46.Rxf3 Nxd2 47.Rxg3+ Kf6 48.Rg8 Nxc4+ 49.Kd3 Ne5+ 50.Kd4 Kf7
51.Rxe8 Nxc6+ 52.dxc6 Kxe8 53.Kc5 Rxg2 54.Nd6+ Kd8 55.Nb5 Rc2+ 56.Kb6 Rxc6+
57.Kxc6  1/2-1/2

[Event "6th Itau Cup"]
[Site "Sao Paulo BRA"]
[Date "2002.10.01"]
[Round "5"]
[White "Limp,E"]
[Black "Leitao,R"]
[Result "0-1"]
[WhiteElo "2399"]
[BlackElo "2558"]

1.Nf3 Nf6 2.d4 g6 3.c4 Bg7 4.Nc3 O-O 5.e4 d6 6.Be2 Na6 7.O-O e5 8.Re1 c6
9.Bf1 Bg4 10.dxe5 Bxf3 11.Qxf3 dxe5 12.Be3 Qe7 13.g3 Nc5 14.Rad1 a5 15.Bxc5 Qxc5
16.Na4 Qb4 17.Qb3 Rfd8 18.Qxb4 axb4 19.b3 Bf8 20.c5 Rxd1 21.Rxd1 Nxe4 22.Rd7 Nxc5
23.Nxc5 Bxc5 24.Bc4 b5 25.Bxf7+ Kf8 26.Be6 Rxa2 27.Rf7+ Ke8 28.h4 Bd4 29.Kf1 c5
30.Rxh7 Rxf2+ 31.Ke1 c4 32.bxc4 b3 33.cxb5 b2 34.Ba2 Rc2 35.g4 e4  0-1

[Event "2nd Rohde Open"]
[Site "Sautron FRA"]
[Date "2002.10.01"]
[Round "7"]
[White "Trajkovic,P"]
[Black "Bihari,B"]
[Result "1-0"]
[WhiteElo "2344"]
[BlackElo "2004"]

1.d4 d6 2.c4 Nf6 3.Nc3 g6 4.e4 Bg7 5.Nf3 O-O 6.Be2 Nbd7 7.O-O e5 8.Re1 exd4
9.Nxd4 Re8 10.Bf1 Nc5 11.f3 Ne6 12.Be3 Nd7 13.Rc1 Ne5 14.Qd2 Qh4 15.Nd5 Nxd4
16.Bxd4 Qd8 17.b3 h5 18.Rcd1 h4 19.f4 Bh6 20.Qb2 c6 21.fxe5 dxe5 22.Be3 cxd5
23.Bxh6 d4 24.Bc1 Bg4 25.Be2 Bxe2 26.Qxe2 g5 27.Qh5 f6 28.Qg6+ Kh8 29.Rf1 Rf8
30.Rd3 Qb6 31.Ba3  1-0

[Event "ch-PER"]
[Site "Lima PER"]
[Date "2002.10.02"]
[Round "2"]
[White "Cotrina Moscoso,W"]
[Black "Garcia,Ja"]
[Result "1/2-1/2"]
[WhiteElo "2225"]
[BlackElo "2297"]

1.d4 Nf6 2.c4 g6 3.Nc3 Bg7 4.e4 d6 5.Nf3 O-O 6.Be2 e5 7.Be3 h6 8.dxe5 Ng4
9.Bd2 Nxe5 10.Be3 Nxf3+ 11.Bxf3 Nc6 12.Qd2 Kh7 13.O-O Be6 14.Be2 Qh4 15.Nd5 Rac8
16.f4 f5 17.Bf2 Qd8 18.Bf3 Qd7 19.Rad1 Qf7 20.exf5 gxf5 21.Rfe1 Rfe8 22.Re2 b6
23.Rde1 Na5 24.b3 c6 25.Nc3 Nb7 26.Bd4 Bd7 27.Bxg7 Qxg7 28.Bh5 Rxe2 29.Rxe2 Rg8
30.Qe1 Qd4+ 31.Kh1 Rg7 32.g3 Nc5 33.Qd2 Qf6 34.Qe3 a5 35.Re1 Kg8 36.Bf3 Kf8
37.Kg2 Re7 38.Qxe7+ Qxe7 39.Rxe7 Kxe7 40.h3 Ne6 41.Kf2 Nc7 42.g4 fxg4 43.hxg4 Be8
44.Ne2 Bd7 45.Kg3 b5 46.cxb5 Nxb5 47.Kh4 Kf6 48.a4 Nc7 49.Be4 d5 50.Bc2 c5
51.Ng3 Na6 52.g5+ hxg5+ 53.fxg5+ Ke7 54.Bf5 Be8 55.Ne2 c4 56.bxc4 dxc4 57.Nc3 Nc5
58.Bc2 Ke6 59.Kg4 Nd3 60.Ne2 Ke5 61.Kg3 Bh5 62.Nc3 Kd4 63.Nb5+ Ke3 64.Nd6 Kd2
65.Nxc4+ Kxc2 66.Nxa5 Nc5 67.Nc6 Kd3 68.g6  1/2-1/2